000 00665nam a2200181Ia 4500
008 090630s9999 xx 000 0 und d
082 _b22445
100 _aपोेंक्षे राजीव.
245 _aजन्म गुन्हेगारांचा.
_cपोेंक्षे राजीव.
260 _bपार्टनर.
_c2003
300 _a188
600 _aपोेंक्षे राजीव.
630 _aजन्म गुन्हेगारांचा.
655 _a---
700 _aपोेंक्षे राजीव.
730 _aजन्म गुन्हेगारांचा.
942 _cBOOK
999 _c274301
_d274301